Indian Railway establishment code (Record no. 504267)

000 -LEADER
fixed length control field 00426nam a22001457a 4500
005 - DATE AND TIME OF LATEST TRANSACTION
control field 20180809125924.0
008 - FIXED-LENGTH DATA ELEMENTS--GENERAL INFORMATION
fixed length control field 180809b ||||| |||| 00| 0 eng d
040 ## - CATALOGING SOURCE
Transcribing agency
082 ## - DEWEY DECIMAL CLASSIFICATION NUMBER
Classification number W1x54 C/ES
100 ## - MAIN ENTRY--PERSONAL NAME
Personal name India. Ministry of Railways
9 (RLIN) 219
245 ## - TITLE STATEMENT
Title Indian Railway establishment code
Remainder of title by Ministry of Railways
260 ## - PUBLICATION, DISTRIBUTION, ETC. (IMPRINT)
Place of publication, distribution, etc Delhi
Name of publisher, distributor, etc Manager of Publications
500 ## - GENERAL NOTE
General note Library has 1951 (v.1,2), 1958
942 ## - ADDED ENTRY ELEMENTS (KOHA)
Source of classification or shelving scheme
Item type GG
Holdings
Withdrawn status Lost status Source of classification or shelving scheme Damaged status Koha normalized classification for sorting Not for loan Permanent location Current location Date acquired Full call number Barcode Date last seen Price effective from Koha item type
        W_1X54_C_ES   Indian Institute of Public Administration Indian Institute of Public Administration 2018-08-09 W1x54 C/ES GG33405 2018-08-09 2018-08-09 GG
        W_1X54_C_ES   Indian Institute of Public Administration Indian Institute of Public Administration 2018-08-09 W1x54 C/ES GG33463 2018-08-09 2018-08-09 GG

Powered by Koha